000 00541nam a22001697a 4500
003 OSt
005 20250819030452.0
008 250819b |||||||| |||| 00| 0 eng d
020 _a967-969-139-X
040 _aDWCL-Main lib
_cOC
082 _aCirc. 641.59595 T763 2007
245 _aTraditional Malaysia cuisine :
_ba rich selection in culinary heritage.
260 _aKuala Lumpur :
_bBerita Publishing,
_c c2007.
300 _a244 pages :
_bcolor illustrations ;
_c29cm.
650 _a1. Cooking, Malaysia
942 _2ddc
_cBK-CIRC
_kCirc.
_n0
999 _c4048
_d4048